000 00771nam a2200253Ii 4500
003 JO-AjNU
005 20240709075650.0
008 230605s9999||||xx |||||||||||||| ||und||
017 _a1994/3857
020 _a977-01-3761-8
040 _aJO-AjNU
_bara
_erda
_cJO-AjNU
041 _aara
050 1 4 _aPJ7828.M7.A17 1994
100 3 _aتأليف سعيد،حميد,
_eauthor
_97296
245 0 0 _aالكشف عن أسرار القصيدة
250 _aط2
264 3 1 _aالقاهرة:الهيئة المصرية العامة للكتاب،1994
300 _a142ص
336 _atext
_btxt
_2rdacontent
337 _aunmediated
_bn
_2rdamedia
338 _avolume
_bnc
_2rdacarrier
650 4 _aالشعر العربي - تاريخ ونقد
_97297
942 _2lcc
_cBK
999 _c3776
_d3776